000
00314nam a2200121Ia 4500
008
210430s9999 xx 000 0 und d
082
_a
546 L4771 C
100
_a
J.D. Lee
_9
11054
245
_a
Concise Inorganic Chemistry
_c
J.D. Lee
260
_a
UK
_b
Blackwell Science
_c
1447
300
_a
1032p
942
_c
BK
_2
ddc
999
_c
562571
_d
562571